000 00834nam a2200253 i 4500
001 66436
003 ES-MaACL
005 20230906165637.0
007 t|
008 040217s2002 sp ||||1| spa d
020 _a84-493-1307-4
080 _a929 Yourcenar, Marguerite
100 1 _aGoslar, Michèle.
_959249
245 1 0 _aMarguerite Yourcenar
_b: qué aburrido hubiera sido ser feliz /
_cMichèle Goslar ; [traducción de Núria Pujol i Valls].
260 _aBarcelona :
_bPaidós,
_c[2002]
300 _a419 p., [16] h. de lám. :
_bfot. ;
_c24 cm.
490 1 _aTestimonios ;
_v26
504 _aÍndices.
600 1 4 _aYourcenar, Marguerite-
_xBiografías.
_9117709
700 1 _aPujol i Valls, Núria.
_994354
830 0 _aTestimonios ;
_v26
_9179776
852 _aES-MaACL
_jL-26925
_bR.132531
999 _c66436
_d66436